000 nam a22 a 4500
999 _c148495
_d148495
003 BLK
005 20230202174121.0
008 180410b bul|||||r ||||||| ||bul||
010 _aKNG00154718000
040 _aBLK
041 _aBUL
_cBUL
080 _aРумънска литература
_b821.135.1
_x-93-34
_z821.135.1-93-34
139 _aРумънски народни приказки
_bР 92
245 1 0 _aРумънски народни приказки
_bЗа малки и големи
_cсъстав. Йон Крянга; прев. от рум. Севда Костова; худож. Мария Илиева.
257 _aROM
260 _aСофия
_bЛакрима
_c1993
300 _a24 с.
_bс цв. ил.
_c20х29 см
380 _aDX
490 _aПоредица Приказки на балканските народи
_9206995
500 _aКор. опис. - Офс. изд. - 6500 тир.
700 1 _aКрянга, Йон
_eсъстав.
_985062
700 1 _aКостова, Севда
_eпрев. от рум.
_9380308
700 1 _aИлиева, Мария
_eхудож.
_gИванова, Мария Илиева
_9363450
852 _aЦб 265742
856 4 _qpdf
_i1.12
_ldisable
856 4 _qpdf
_i1.12
_ldisable
942 _cKNG
_n0
_01
_s1
944 _aCR
_c13.12.2013
_l13.12.2013 - от С1,Р / 13.12.2013
_kМитко_Георгиев
944 _aED
_c13.12.2013
_l13.12.2013 - от С1,Р / 13.12.2013
999 _d148495